[Event "GER-chT U16"]
[Site "Magdeburg"]
[Date "2023.12.29"]
[Round "6.1"]
[White "Deschler, Arne"]
[Black "Shtompel, Yuriy"]
[Result "1-0"]
[WhiteElo "1953"]
[BlackElo "2072"]
[PlyCount "67"]
[EventDate "2023.12.26"]
[EventType "team-swiss"]
[EventRounds "7"]
[EventCountry "GER"]
[SourceTitle "CB03_2024"]
[SourceDate "2024.01.17"]
[SourceVersion "1"]
[SourceVersionDate "2024.01.17"]
[SourceQuality "1"]
[WhiteTeam "Nuernberg Noris Tarrasch"]
[BlackTeam "Kiel Doppelbauer"]
[WhiteTeamCountry "GER"]
[BlackTeamCountry "GER"]

1. e4 c5 2. Nc3 d6 3. g3 Nc6 4. Bg2 g6 5. d3 Bg7 6. Be3 e6 7. Qd2 Nd4 8. Nd1 Ne7 9. c3 Ndc6 10. Bh6 0-0 11. h4 f6 12. Bxg7 Kxg7 13. h5 g5 14. f4 Ng8 15. Ne3 Nh6 16. 0-0-0 Nf7 17. Nf3 h6 18. d4 cxd4 19. Nxd4 Nxd4 20. Qxd4 e5 21. Qd5 Qb6 22. Nc4 Qf2 23. Rd2 Qxg3 24. f5 Rd8 25. Rh3 Qe1+ 26. Kc2 Bd7 27. Qd3 Qa1 28. Kb3 d5 29. exd5 e4 30. Qe3 b5 31. Na3 b4 32. Rh1 Qxh1 33. Bxh1 bxa3 34. Kxa3 1-0

[Event "GER-chT U16"]
[Site "Magdeburg"]
[Date "2023.12.28"]
[Round "3.2"]
[White "Semling, Julius"]
[Black "Deschler, Arne"]
[Result "1/2-1/2"]
[WhiteElo "2085"]
[BlackElo "1953"]
[PlyCount "152"]
[EventDate "2023.12.26"]
[EventType "team-swiss"]
[EventRounds "7"]
[EventCountry "GER"]
[SourceTitle "CB03_2024"]
[SourceDate "2024.01.17"]
[SourceVersion "1"]
[SourceVersionDate "2024.01.17"]
[SourceQuality "1"]
[WhiteTeam "Baden-Baden"]
[BlackTeam "Nuernberg Noris Tarrasch"]
[WhiteTeamCountry "GER"]
[BlackTeamCountry "GER"]

1. d4 d5 2. c4 c6 3. Nc3 Nf6 4. e3 g6 5. Nf3 Bg7 6. Be2 0-0 7. 0-0 Bf5 8. cxd5 Nxd5 9. Nxd5 Qxd5 10. Bd2 Nd7 11. Bb4 Rfe8 12. Nd2 Nf6 13. Bc4 Qd7 14. Qb3 Be6 15. Bxe6 Qxe6 16. Qxe6 fxe6 17. Nc4 Nd5 18. Bd2 Red8 19. Rac1 Rd7 20. Rfd1 Nb6 21. f4 Nxc4 22. Rxc4 Rad8 23. Re1 e5 24. fxe5 Bxe5 25. Ba5 Bc7 26. Bxc7 Rxc7 27. Rf1 Rcd7 28. Rb4 Rf8 29. Rxf8+ Kxf8 30. Kf2 Kf7 31. Kf3 Kf6 32. Ke4 Ke6 33. g4 h6 34. h4 Kf6 35. a4 Ke6 36. b3 Kf6 37. Rc4 Ke6 38. Rb4 Rc7 39. Rc4 Rd7 40. Rc1 Rd8 41. Rf1 Rg8 42. b4 Rd8 43. Rf2 a6 44. Kd3 b5 45. a5 Rg8 46. Ke4 Rh8 47. Rc2 Kd6 48. Rf2 Ke6 49. Kd3 Rg8 50. Rf1 Rh8 51. Rc1 Kd6 52. Rf1 Ke6 53. e4 Rg8 54. Ke3 Rh8 55. Rc1 Kd6 56. e5+ Kd7 57. Rf1 Ke6 58. Ke4 Rg8 59. Rc1 Rc8 60. h5 g5 61. Rf1 Rh8 62. Rf2 Rg8 63. Rf3 Rh8 64. Rf1 Rg8 65. Rf2 Rh8 66. Rf3 Rg8 67. Rc3 Rc8 68. Rxc6+ Rxc6 69. d5+ Kd7 70. dxc6+ Kxc6 71. Kf5 Kd5 72. Kg6 Kxe5 73. Kxh6 Kf6 74. Kh7 Kf7 75. Kh6 Kf6 76. Kh7 Kf7 1/2-1/2

[Event "GER-ch U25-A"]
[Site "Willingen"]
[Date "2023.05.31"]
[Round "5"]
[White "Deschler, Arne"]
[Black "Eberhart, Erik"]
[Result "0-1"]
[WhiteElo "1767"]
[BlackElo "1764"]
[PlyCount "114"]
[EventDate "2023.05.27"]
[EventType "swiss"]
[EventRounds "9"]
[EventCountry "GER"]
[SourceTitle "CBM 214 Extra"]
[Source "ChessBase"]
[SourceDate "2023.07.31"]
[SourceVersion "1"]
[SourceVersionDate "2023.07.31"]
[SourceQuality "1"]

1. e4 e5 2. Nf3 Nc6 3. Nc3 Nf6 4. d4 exd4 5. Nxd4 Bb4 6. Nxc6 bxc6 7. Bd3 d5 8. exd5 Nxd5 9. 0-0 0-0 10. Qf3 Bxc3 11. bxc3 Qf6 12. Qxf6 Nxf6 13. c4 Be6 14. Bf4 Rfc8 15. Rab1 Nd7 16. Rfe1 Nb6 17. f3 Kf8 18. Kf2 Bxc4 19. Rxb6 axb6 20. Bxc4 Ra4 21. Re4 f5 22. Bb3 fxe4 23. Bxa4 exf3 24. Kxf3 b5 25. Bb3 Ke7 26. c4 Kd7 27. c5 Rf8 28. h4 Rf5 29. Ke4 Rxc5 30. Bd2 g6 31. g4 b4 32. Kd4 Rb5 33. Bc4 Rb8 34. Ke5 Re8+ 35. Kf6 Re4 36. Bg8 c5 37. h5 gxh5 38. gxh5 Rh4 39. Ke5 Rxh5+ 40. Ke4 Rh3 41. Be1 Kc6 42. Be6 Ra3 43. Bg8 h5 44. Bf7 Kb5 45. Bxh5 Rxa2 46. Be8+ c6 47. Kd3 c4+ 48. Kd4 Re2 49. Bxc6+ Kxc6 50. Bxb4 Kb5 51. Bc3 Rh2 52. Be1 Rh1 53. Bd2 Rh3 54. Be1 Rd3+ 55. Ke4 Ka4 56. Kf4 Kb3 57. Ke4 Rd7 0-1

[Event "GER-ch U14"]
[Site "Willingen"]
[Date "2022.06.08"]
[Round "6"]
[White "Deschler, Arne"]
[Black "Goldinov, Daniel"]
[Result "1-0"]
[WhiteElo "1646"]
[BlackElo "1626"]
[PlyCount "87"]
[EventDate "2022.06.04"]
[EventType "swiss"]
[EventRounds "9"]
[EventCountry "GER"]
[SourceTitle "CBM 208 Extra"]
[Source "ChessBase"]
[SourceDate "2022.07.31"]
[SourceVersion "1"]
[SourceVersionDate "2022.07.31"]
[SourceQuality "1"]

1. e4 c6 2. d4 d5 3. exd5 cxd5 4. Bd3 Nf6 5. h3 Nc6 6. c3 e5 7. dxe5 Nxe5 8. Qe2 Qe7 9. Bc2 b6 10. Bf4 Ng6 11. Bh2 Ba6 12. Qxe7+ Bxe7 13. Ba4+ b5 14. Bb3 0-0 15. Nf3 Bc5 16. 0-0 b4 17. Rd1 Be2 18. Rd2 Bxf3 19. gxf3 Nh4 20. Bxd5 Nxd5 21. Rxd5 Nxf3+ 22. Kg2 Ne1+ 23. Kf1 Nc2 24. Rxc5 bxc3 25. Rxc3 Rfc8 26. Rxc2 Rxc2 27. Be5 Rc1+ 28. Ke2 Rd8 29. Bf4 Rh1 30. Bd2 Re8+ 31. Kd3 Rxh3+ 32. Kc2 Rh1 33. a4 Re2 34. b4 Rxf2 35. b5 Rh5 36. Nc3 Rc5 37. a5 Rc8 38. b6 a6 39. b7 Rb8 40. Rb1 Rf6 41. Be3 Rd6 42. Bf4 Rdd8 43. Bxb8 Rxb8 44. Nd5 1-0

[Event "GER-ch U12"]
[Site "Willingen"]
[Date "2020.10.27"]
[Round "1"]
[White "Deschler, Arne"]
[Black "Haubold, Sebastian Marcel"]
[Result "1-0"]
[WhiteElo "1671"]
[BlackElo "1769"]
[PlyCount "73"]
[EventDate "2020.10.26"]
[EventType "swiss"]
[EventRounds "7"]
[EventCountry "GER"]
[SourceTitle "CBM 199 Extra"]
[Source "ChessBase"]
[SourceDate "2021.01.31"]
[SourceVersion "1"]
[SourceVersionDate "2021.01.31"]
[SourceQuality "1"]

1. e4 e5 2. Bc4 Bc5 3. Nc3 Nf6 4. d3 h6 5. Be3 Bb6 6. h3 0-0 7. Nge2 Bxe3 8. fxe3 c6 9. Bb3 d5 10. exd5 cxd5 11. Ng3 Be6 12. 0-0 Qd7 13. Kh2 Nc6 14. Nce2 Rac8 15. c3 b5 16. a3 a5 17. d4 e4 18. Qd2 a4 19. Ba2 Na5 20. Rxf6 gxf6 21. Nh5 Qe7 22. Rf1 f5 23. Nef4 Nc4 24. Qf2 Rcd8 25. Bxc4 bxc4 26. Qc2 Kh8 27. Qxa4 Qb7 28. Nf6 Qxb2 29. Qd1 Qb8 30. Qh5 Kg7 31. Qh4 Rh8 32. N6h5+ Kf8 33. Qf6 Rh7 34. Rb1 Qd6 35. Rb6 Qxb6 36. Ng6+ Kg8 37. Qg7+ 1-0

[Event "DSOL 07 Liga Gr-C 1st"]
[Site "Playchess.com INT"]
[Date "2020.07.29"]
[Round "6.2"]
[White "Deschler, Arne"]
[Black "Neu, Hans Dieter"]
[Result "1/2-1/2"]
[WhiteElo "1563"]
[BlackElo "1501"]
[PlyCount "36"]
[EventDate "2020.06.22"]
[EventType "team-tourn (rapid)"]
[EventCountry "GER"]
[SourceTitle "EXT 2021"]
[Source "ChessBase"]
[SourceDate "2020.10.23"]
[SourceVersion "1"]
[SourceVersionDate "2020.10.23"]
[SourceQuality "1"]
[WhiteTeam "Kelheim II"]
[BlackTeam "Seelscheid"]
[WhiteTeamCountry "GER"]
[BlackTeamCountry "GER"]

1. e4 e5 2. Bc4 Bc5 3. Nc3 Nf6 4. d3 h6 5. Be3 Bxe3 6. fxe3 0-0 7. h3 Nc6 8. Nf3 d6 9. 0-0 a6 10. Qe1 b5 11. Bb3 Na5 12. Nh4 Nxb3 13. axb3 Be6 14. Nf5 Nh5 15. Ne2 Qg5 16. Neg3 Nxg3 17. Qxg3 Qxg3 18. Nxg3 g6 1/2-1/2

[Event "DSOL 07 Liga Gr-C 1st"]
[Site "Playchess.com INT"]
[Date "2020.07.16"]
[Round "4.2"]
[White "Herth, Friedel"]
[Black "Deschler, Arne"]
[Result "1-0"]
[WhiteElo "1550"]
[BlackElo "1563"]
[PlyCount "143"]
[EventDate "2020.06.22"]
[EventType "team-tourn (rapid)"]
[EventCountry "GER"]
[SourceTitle "EXT 2021"]
[Source "ChessBase"]
[SourceDate "2020.10.23"]
[SourceVersion "1"]
[SourceVersionDate "2020.10.23"]
[SourceQuality "1"]
[WhiteTeam "Langen II"]
[BlackTeam "Kelheim II"]
[WhiteTeamCountry "GER"]
[BlackTeamCountry "GER"]

1. e4 c5 2. Nf3 a6 3. Nc3 d6 4. d4 cxd4 5. Nxd4 g6 6. Bd3 Bg7 7. Nde2 b5 8. a3 Bb7 9. 0-0 Nd7 10. Bd2 Ngf6 11. Ng3 Nc5 12. Be3 0-0 13. f3 e5 14. Be2 Ne6 15. Re1 d5 16. exd5 Nxd5 17. Nxd5 Qxd5 18. Qxd5 Bxd5 19. Red1 Rfd8 20. Rd2 f5 21. Nf1 e4 22. fxe4 Bxe4 23. Rxd8+ Rxd8 24. c3 Bf8 25. Rd1 Rxd1 26. Bxd1 Nc5 27. Nd2 Nd3 28. Bd4 Kf7 29. Nxe4 fxe4 30. b4 Ke6 31. Bg4+ Kd5 32. Bc8 Nc1 33. Bb7+ Kc4 34. Bxe4 Ne2+ 35. Kf2 Nxd4 36. cxd4 Kxd4 37. Bb7 a5 38. bxa5 Bxa3 39. Bc6 Kc4 40. Be8 b4 41. a6 b3 42. Bf7+ Kc3 43. Bxb3 Kxb3 44. Kg3 Bc5 45. Kg4 h6 46. h4 Kc4 47. Kf4 Kd3 48. g4 Be3+ 49. Ke5 Ke2 50. g5 h5 51. Kf6 Kf3 52. Kxg6 Kg4 53. Kf7 Kxh4 54. g6 Bd4 55. a7 Bxa7 56. g7 Kh3 57. g8Q h4 58. Qa8 Kh2 59. Qg8 h3 60. Kf6 Kh1 61. Kf5 Bg1 62. Ke4 Bh2 63. Kf3 Be5 64. Qa2 Bd6 65. Qe2 Kg1 66. Qf2+ Kh1 67. Qf1+ Kh2 68. Kg4 Bb8 69. Qxh3+ Kg1 70. Qf3 Bg3 71. Kh3 Bf2 72. Qg2# 1-0

[Event "Mittelfranken-ch QT"]
[Site "Nuremberg"]
[Date "2019.04.19"]
[Round "6.12"]
[White "Hummady, Pascha"]
[Black "Deschler, Arne"]
[Result "1/2-1/2"]
[WhiteElo "1388"]
[BlackElo "1710"]
[PlyCount "41"]
[EventDate "2019.04.17"]
[EventType "swiss"]
[EventRounds "7"]
[EventCountry "GER"]
[SourceTitle "EXT 2022"]
[Source "ChessBase"]
[SourceDate "2021.10.06"]
[SourceVersion "1"]
[SourceVersionDate "2021.10.06"]
[SourceQuality "1"]

1. e4 e5 2. Nf3 Nc6 3. Bc4 Bc5 4. c3 d6 5. h3 Be6 6. Bb3 h6 7. Bc2 Nge7 8. d4 exd4 9. cxd4 Bb4+ 10. Bd2 Bxd2+ 11. Nbxd2 d5 12. e5 Nf5 13. Nf1 Nce7 14. N1h2 c6 15. 0-0 0-0 16. Ng4 Ng6 17. h4 Nfxh4 18. Nxh4 Bxg4 19. Qxg4 Qxh4 20. Qxh4 Nxh4 21. f4 1/2-1/2